[Event "Belgrade-ch"]
[Site "Belgrade"]
[Date "2009.02.01"]
[Round "9"]
[White "Kovacevic, Boris"]
[Black "Stojakov, Slobodan S"]
[Result "0-1"]
[WhiteElo "1882"]
[BlackElo "2027"]
[PlyCount "54"]
[EventDate "2009.01.24"]
[EventType "swiss"]
[EventRounds "9"]
[EventCountry "YUG"]
[SourceTitle "CBM 128 Extra"]
[Source "ChessBase"]
[SourceDate "2009.03.05"]
[SourceVersion "2"]
[SourceVersionDate "2009.03.25"]
[SourceQuality "1"]

1. e4 c5 2. Nf3 d6 3. c3 Nf6 4. h3 Nc6 5. Bd3 e6 6. Bc2 Be7 7. 0-0 0-0 8. Re1 Qc7 9. d4 b6 10. Bf4 cxd4 11. cxd4 e5 12. Be3 Nb4 13. Bb3 Nxe4 14. a3 Na6 15. dxe5 dxe5 16. Bxb6 axb6 17. Rxe4 Bb7 18. Re1 e4 19. Nfd2 Nc5 20. Bc2 Rad8 21. Qe2 f5 22. Nc3 Ba6 23. Qe3 f4 24. Nd5 Rxd5 25. Qc3 Bf6 26. Qb4 Rd4 27. Qc3 Rc4 0-1

[Event "Belgrade-ch"]
[Site "Belgrade"]
[Date "2009.01.24"]
[Round "1"]
[White "Cvetkovic, Srdjan"]
[Black "Stojakov, Slobodan S"]
[Result "1/2-1/2"]
[WhiteElo "2407"]
[BlackElo "2027"]
[PlyCount "82"]
[EventDate "2009.01.24"]
[EventType "swiss"]
[EventRounds "9"]
[EventCountry "YUG"]
[SourceTitle "CBM 128 Extra"]
[Source "ChessBase"]
[SourceDate "2009.03.05"]
[SourceVersion "2"]
[SourceVersionDate "2009.03.25"]
[SourceQuality "1"]

1. c4 c5 2. Nf3 Nf6 3. Nc3 Nc6 4. d4 cxd4 5. Nxd4 d6 6. e4 g6 7. Be2 Bg7 8. Be3 a6 9. 0-0 0-0 10. Qd2 Ng4 11. Bxg4 Bxg4 12. f3 Bd7 13. Rfd1 Rc8 14. Rac1 Nxd4 15. Bxd4 Rxc4 16. Bxg7 Kxg7 17. e5 Qb6+ 18. Qf2 Qxf2+ 19. Kxf2 Rc6 20. exd6 exd6 21. Ne4 Rxc1 22. Rxc1 d5 23. Nc5 Rc8 24. Ke3 b6 25. Nb3 Rxc1 26. Nxc1 Bb5 27. Kd4 Bf1 28. g3 Bg2 29. f4 Kf6 30. Nd3 Ke6 31. Ne5 f6 32. Ng4 Bf3 33. Ne3 h6 34. Kc3 Kd7 35. Nc2 Kd6 36. Nd4 Bg4 37. b4 g5 38. Kd2 Bd7 39. Ke3 h5 40. h4 gxf4+ 41. gxf4 Bc8 1/2-1/2